000 00834 a2200217 4500
003 Nust
005 20230128092745.0
010 _a 96031492
020 _a0684811642
040 _cNust
082 0 0 _a909.829,HUN
100 1 _aHuntington, Samuel P.
_960650
245 1 4 _aThe clash of civilizations and the remaking of world order /
_cSamuel P. Huntington.
260 _aNew York :
_bSimon & Schuster,
_cc1996.
300 _a367 p. :
_bill., maps ;
_c25 cm.
505 _aA World of Civilizations (Page-19), The Shifting |Balance of Civilizations (Page-81), The Emerging Order of Civilizations (Page-125), Clashes of Civilizations (Page-183),The Future of Civilizations (Page-301).
650 0 _aCivilization, Modern
_y1950-
_934176
650 0 _aPost-communism.
_9107976
650 0 _aWorld politics
_y1989-
942 _2ddc
_cBK
999 _c186355
_d186355